Documentos de identidad: la construcción de la memoria histórica en un mundo global

Uloženo v:
Podrobná bibliografie
Hlavní autor: Carretero Rodríguez, Mario (Autor)
Médium: Kniha
Jazyk:španělština
Vydáno: Buenos Aires Paidós 2007
Vydání:1a. ed
Edice:Entornos
Témata:
Tagy: Přidat tag
Žádné tagy, Buďte první, kdo vytvoří štítek k tomuto záznamu!

MARC

LEADER 00000nam a2200000 a 4500
001 UCG1134
003 CL-VaPUC
008 100422e20070000AG |||||||||||||||||spa|d
020 |a 9789501256024 
082 0 4 |a 304.8  |b CAR  |2 21 
100 0 |a Carretero Rodríguez, Mario  |e author  |9 548928 
245 1 0 |a Documentos de identidad: la construcción de la memoria histórica en un mundo global 
250 |a 1a. ed 
300 |a 327 p 
942 |c BK 
945 |d 20100422 00:00:00  |a rbrito 
260 |a Buenos Aires  |b Paidós  |c 2007 
650 0 |a Inmigración  |9 268290 
650 0 |a Identidad cultural  |9 319131 
650 0 |a Enseñanza de la historia   |9 307330 
650 0 |a Educación básica   |9 224933 
583 |a last modification  |c 20100422 00:00:00  |k Rodrigo Vera 
490 0 |a Entornos 
999 |c 340578  |d 340576 
952 |0 0  |1 0  |4 0  |6 304_800000000000000_CAR_2007  |7 0  |8 A  |9 435426  |a BIBHIS  |b BIBHIS  |d 2019-11-22  |i 4664531  |l 5  |o 304.8 CAR 2007  |p 4664531  |r 2025-01-20  |s 2024-04-25  |w 2019-11-22  |y BK  |k HIS